| 000 | 00695nam a2200169Ia 4500 | ||
|---|---|---|---|
| 003 | SGT | ||
| 020 | _a9780070587540 | ||
| 082 |
_a5.1 _bLET |
||
| 100 | _aLethbridge, Robert | ||
| 245 | _aObject-oriented software engineering : practical software development using UML and Java | ||
| 260 |
_bTata McGraw Hill Education Private Limited _aNew Delhi _c2010 |
||
| 300 | _a497p. | ||
| 650 | _aCOMPUTER SCIENCE | ||
| 653 | _aSOFTWARE AND SOFTWARE ENGINEERING,REVIEW OF OBJECT ORIENTATION, BASING SOFTWARE DEVELOPMENT ON REUSABLE TECHNOLOGY,DEVELOPING REQUIREMENTS, MODELLING WITH CLASSES, USING DESIGN PATTERNS, FOCUSING ON USERS AND THEIR TASKS | ||
| 700 | _aLethbridge, Robert | ||
| 942 |
_2ddc _cBK _01 |
||
| 999 |
_c5347 _d5347 |
||